000 03809nab a22007697 4500
003 AR-RoUNA
022 _a0327-9022
040 _aAR-RoUNA
_bspa
041 _aspa
044 _aag
245 _aSumma+ /
_bArquetipos y Abstracción
260 _aBuenos Aires ,
_c1993
300 _a128 p. :
_bil. byn.
_bplanos
_c34 X25 cm.
505 0 _tINDICE
505 0 _aFernando Diez / Arquetipos y Abstracción. p. 4
505 0 _tPortugal - BLANCO PURO
505 0 _aAires Mateus / Casa en Leiria, Portugal, 2010. p. 8
505 0 _tDinamarca - TRANSFORMACIONES CURVAS
505 0 _aMLRP / Mirror House, Copenhague, 2011. p. 16
505 0 _tAustria - VOLUMEN SÓLIDO
505 0 _aJudith Benzer / Casa de Verano en el sur de Burgenland, Oberbegen, 2011. p. 20
505 0 _tChile - Fuerza de Contacto
505 0 _aCecilia Puga / Casa en Bahía Azul, Los Vilos, 2002. p. 26
505 0 _tJapón - Tokio en miniatura
505 0 _aSDU Fujimoto / Departamentos en Tokio, 2010. p. 32
505 0 _tAlemania - ROTAR Y TRASLADAR
505 0 _aHerzog & de Meuron / Vitrahaus, Vitra Campus, Weii am Rheim, 2009. p. 38
505 0 _tMéxico - LA CASA PARA EL ESPÍRITU
505 0 _aParque Humano / Pabellón en Lámina, Valle de Bravo, 2011. p. 44
505 0 _tEstados Unidos - TENSAR Y PLEGAR
505 0 _aProcter - Rihl / Pull House, Vermont, 2010. p. 48
505 0 _tChile - ABIERTA A CAMBIOS
505 0 _aEduardo Castillo / Casa Pantalón, V Región, 2005. p. 54
505 0 _tPaíses Bajos - VIDA ACUÁTICA
505 0 _aMecando / Museo Marítimo Kaap Skil, Texel, 2011. p. 60
505 0 _tPortugal - ALTERACIONES LONGITUDINALES
505 0 _aCNLL - Atelier Kuno Lacerda Lopes / Centro Escolar Mourriz, Paredes, 2010. p. 66
505 0 _tReino Unido - AGUDEZA MANIERISTA
505 0 _aADC / Spa School, Southwark, Londres, 2012. p. 72
505 0 _aSilvia Arango / Crítica y premios de arquitectura. p. 76
505 0 _tPortugal - POSITIVO MINERAL
505 0 _aEduardo Souto de Moura / Museo Paula Rëgo, Cascais, 2009. p. 82
505 0 _tColumbia - PATRÓN, MÓDULO Y SISTEMA
505 0 _aGiancarlo Mazzanti Sierra / Sistema Modular para preescolar en Santa Marta, Magdalena, 2010. p. 88
505 0 _tChile - LABERINTO DE INSTROSPECCIÓN
505 0 _aPezo Von Ellrichshausen / Casa Parr, Chiguayante, 2008. p. 92
505 0 _aSoledad Soria / Gestos Elementales: entrevista a Eduardo Castillo. p. 98
505 0 _tLOS EDIFICIO NO HABLAN: pero MVRD tiene mucho para decir
505 0 _aMVRDV / Museo del Cómic y la animación, Hangzhou, China, 2011. p. 105
505 0 _aMVRDV / Máster Plan del Waterwlink, La Haya, 2003. p. 107
505 0 _aMVRDV / Granero Oscilante - Casa Balancín (Balancing Barn), Suffolk, 2010. p. 109
505 0 _aMVRDV / Didden Village, Róterdam, 2007. p. 111
505 0 _aHugo Mondragón y Sebastián Irrázaval / Dame Refugio. p. 112
505 0 _aSoledad Soria / El libro de las revelaciones. p. 116
505 0 _aIgancio Ros de Olano / ARC - ET -Senans y La Ville de Chaux en papel. p. 117
505 0 _aRuth Verde Zein / Paseo Efelógicos y detalles caninos. p. 118
505 0 _aRafael E.J. Iglesia / Dos paradigmas: artisticidad, modernidad. p. 120
505 0 _aRoberto Fernández / Efecto Guggenheim: el wafle de Sevilla. p. 123
505 0 _aRita Molinas, Mario Sabugo y Maximiliano Salomón / El Manantial (II): uno contra todos. p. 126
505 0 _aSergio Zicovich Wilson / ¡Me jumelan los tachines!. p. 128
650 _aArquitectura contemporánea
773 0 _aSumma+
_dBuenos Aires, Argentina
_gNº124 (sep-2012), p. 128
_x0327-9022
908 _aImp
942 _2udc
_cART
945 _aMBP
_d2022-07-08
980 _8138
_gCarolina Rainero
_6138
_aCarolina Rainero
999 _c12260
_d12260